Podnikateľ a právo

Salvato in:
Dettagli Bibliografici
Natura: Periodico
Lingua:slovacco
ceco
Pubblicazione: Žilina Komora komerčných právnikov Slovenskej republiky 1997
Soggetti:
Tags: Aggiungi Tag
Nessun Tag, puoi essere il primo ad aggiungerne!!

MARC

LEADER 00000nas2a2200000 4500
001 s121352
005 20221220131247.5
041 0 |a slo 
041 0 |a cze 
044 |a SK 
245 1 0 |a Podnikateľ a právo 
264 1 |a Žilina  |b Komora komerčných právnikov Slovenskej republiky  |c 1997 
300 |a 1 zv. 
773 0 |w eu_un_cat*s120078 
610 2 0 |a právo 
610 2 0 |a podnikatelia